000 00461nam a2200169Ia 4500
003 GCL
008 140319s9999 xx 000 0 ara d
040 _aGCL /
_cGCL
082 0 4 _a252
_bش ك
100 1 _aابوالوفا الافغانى
245 1 0 _aكتاب الاثار /
_cابوالوفا الافغانى
300 _aمتعدد
490 _a
650 0 4 _aالعبادات
650 0 4 _aالفقه الاسلامى، اصول
942 _2ddc
_cBK
999 _c44457
_d44457